| 000 | 01380nam0a22002771 4500 | ||
|---|---|---|---|
| 001 | rc\4214 | ||
| 005 | 20021204101702.3 | ||
| 010 |
_a5-05-003244-Х _910000 |
||
| 035 | _a(NLR Aleph) 005294433 | ||
| 090 |
_a6224046 _c6224046 |
||
| 100 | _a20021204d1994 u |0rusy50 ca | ||
| 101 | 0 | _arus | |
| 102 | _aRU | ||
| 105 | _aa ||||||||| | ||
| 200 | 1 |
_aЗарубежная поэзия в переводах Валерия Брюсова _e[Сб. стихов с парал. текстами на яз. ориг. _fСоставление, коммент. С.И. Гиндина _gРед. К.Н. Атарова _gХудож. Ю.А. Цветаев] |
|
| 210 |
_aМ. _cРадуга _d1994 |
||
| 215 |
_a894 с. _cил. _d22 |
||
| 300 | _aВ прил. помещ. пер. из древнегреч. поэзии, латин. поэзии сред. веков и нового времени, пер., выполн. не с языка ориг., подражания и вариации, пер. из ранних ред. и ст. "Фиалки в тигеле" | ||
| 320 | _aБиблиогр. в примеч.: с. 792-872 | ||
| 702 | 1 |
_aГиндин _bС. И. _gСергей Иосифович _4220 |
|
| 702 | 1 |
_aБрюсов _bВ. Я. _gВалерий Яковлевич _4730 |
|
| 801 | 0 |
_aRU _bNLR _gpsbo |
|
| 801 | 1 |
_aRU _bELAR _2rusmarc |
|
| 852 |
_aNLR _j94-5/1199 |
||
| 942 | _cBOOK | ||
| 980 | _aNB | ||